Normal view
MARC view
- Muhammad Saad Ashfaq, Rohail Mustafa Syed, Sohaib Sajjad
Entry Personal Name
001 - CONTROL NUMBER
- control field: 92953
003 - CONTROL NUMBER IDENTIFIER
- control field: NUST
005 - DATE AND TIME OF LATEST TRANSACTION
- control field: 20220705141225.0
008 - FIXED-LENGTH DATA ELEMENTS
- fixed length control field: 220705|| aca||aabn | a|a d
040 ## - CATALOGING SOURCE
- Original cataloging agency: NUST
- Transcribing agency: NUST
100 ## - HEADING--PERSONAL NAME
- Personal name: Muhammad Saad Ashfaq, Rohail Mustafa Syed, Sohaib Sajjad
670 ## - SOURCE DATA FOUND
- Source citation: Work cat.: (NUST)12959: Muhammad Saad Ashfaq 92952, Autonomous landmine detection & mapping system, 2014
